000 00613nam a2200193Ia 4500
003 GCL
008 140319s9999 xx 000 0 ara d
040 _aGCL /
_cGCL
082 0 4 _a810.9965
_bم ج
100 1 _aمحمد طه الحاجرى
245 1 0 _aجوانب من الحياة العقلية والادبية فى الجزائر /
_cمحمد طه الحاجرى
260 _a[S.N] :
_bمعهد البحوث والدراسات العربية ،
_c1968
300 _a155 ص
490 _a
650 0 4 _aالادب العربى
650 0 4 _aالادب
650 0 4 _aالجزائر
942 _2ddc
_cBK
999 _c40535
_d40535